Statistics for Super Mario Enemies

Click here to take the quiz!

General Stats

  • This quiz has been taken 34 times
  • The average score is 4 of 8

Answer Stats

Answer% Correct
Goomba
100%
Koopa Troopa
71%
Blooper
68%
Magikoopa
52%
King Bill
32%
Armad
23%
Strollin’ Stu
19%
Bulrush
16%

Score Distribution

Percentile by Number Answered

Percent of People with Each Score

Your Score History

You have not taken this quiz